| 000 | 00000nam 2200000zi 4500 |
| 001 | 9.948467 |
| 003 | CaOODSP |
| 005 | 20250507085536 |
| 006 | m o d f |
| 007 | cr mn||||||||| |
| 008 | 250226t20252025onca ob f000 0 eng d |
| 020 | |a9780660760209 |
| 040 | |aCaOODSP|beng|erda|cCaOODSP |
| 043 | |an-cn--- |
| 086 | 1 |aD97-3/40-111-2025E-PDF |
| 245 | 00|aCryptographic algorithms for UNCLASSIFIED, PROTECTED A, and PROTECTED B information. |
| 250 | |aVersion 4. |
| 264 | 1|a[Ottawa] : |bCommunications Security Establishment Canada = Centre de la sécurité des télécommunications Canada, |c2025. |
| 264 | 4|c©2025 |
| 300 | |a1 online resource (1 page, 27 unnumbered pages) : |bcolour illustration. |
| 336 | |atext|btxt|2rdacontent |
| 337 | |acomputer|bc|2rdamedia |
| 338 | |aonline resource|bcr|2rdacarrier |
| 490 | 1 |aPractitioner ; |vITSP.40.111 |
| 500 | |aIssued also in French under title: Algorithmes cryptographiques pour l'information NON CLASSIFIÉ, PROTÉGÉ A et PROTÉGÉ B. |
| 500 | |a"March 5, 2025"--Page [2]. |
| 504 | |aIncludes bibliographical references. |
| 520 | |a"This publication identifies and describes recommended cryptographic algorithms and appropriate methods of use that organizations can implement to protect sensitive information. For Government of Canada departments and agencies, the guidance in this publication applies to UNCLASSIFIED, PROTECTED A, and PROTECTED B information. Your organization's ability to protect sensitive data and information is fundamental to the delivery of programs and services. Properly configured cryptography provides security mechanisms which can be used to protect the authenticity, confidentiality, and integrity of information. Several algorithms may be required to satisfy your organization's security requirements, and each algorithm should be selected and implemented to meet those requirements"--Overview, page [3]. |
| 650 | 0|aElectronic government information|xAccess control|zCanada. |
| 650 | 0|aData protection|zCanada. |
| 650 | 0|aData encryption (Computer science)|zCanada. |
| 650 | 0|aComputer algorithms. |
| 710 | 2 |aCommunications Security Establishment (Canada), |eissuing body. |
| 710 | 2 |aCanadian Centre for Cyber Security, |eissuing body. |
| 775 | 08|tAlgorithmes cryptographiques pour l'information NON CLASSIFIÉ, PROTÉGÉ A et PROTÉGÉ B.|w(CaOODSP)9.948466 |
| 795 | |tCryptographic algorithms for unclassified, protected A, and protected B information.|b(Version 3)|w(CaOODSP)9.933076 |
| 830 | #0|aPractitioner series (Communications Security Establishment (Canada))|vITSP.40.111.|w(CaOODSP)9.842846 |
| 856 | 40|qPDF|s773 KB|uhttps://publications.gc.ca/collections/collection_2025/cstc-csec/D97-3-40-111-2025-eng.pdf |
| 856 | 4 |qHTML|sN/A|uhttps://www.cyber.gc.ca/en/guidance/cryptographic-algorithms-unclassified-protected-protected-b-information-itsp40111 |